Practical organic chemistry /

Bibliographic Details
Main Author: Sudborough, J. J. (John Joseph), 1869-
Other Authors: James, Thomas Campbell, 1879-
Format: Book
Language:English
Published: London : Blackie, [1949]
Edition:2d ed.
Subjects:

MARC

Tag First Indicator Second Indicator Subfields
LEADER 00000cam a2200000 4500
001 in00000041303
005 20151007072535.0
008 800606s1949 enka 00010 eng
010 |a  50003328  
035 |a (OCoLC)06393177 
035 |9 AAE8065AM 
040 |a DLC  |c TXA  |d UtOrBLW 
049 |a TXAM  |c [458605] 
050 0 |a QD251  |b .S85 1949 
082 0 |a 547 
092 |a 547  |b S943p, 1949 
100 1 |a Sudborough, J. J.  |q (John Joseph),  |d 1869- 
245 1 0 |a Practical organic chemistry /  |c by J. J. Sudborough and T. Campbell James. 
250 |a 2d ed. 
264 1 |a London :  |b Blackie,  |c [1949] 
300 |a xviii, 450 pages :  |b illustrations ;  |c 19 cm. 
336 |a text  |b txt  |2 rdacontent 
337 |a unmediated  |b n  |2 rdamedia 
338 |a volume  |b nc  |2 rdacarrier 
500 |a "A laboratory companion to Sudborough's edition of Bernthsen's Organic chemistry." 
650 0 |a Chemistry, Organic. 
700 1 |a James, Thomas Campbell,  |d 1879- 
999 |a MARS 
999 f f |s 750b2c43-e17f-3010-a243-bbf8a033cfe8  |i 16c506ce-a82b-31bf-9e5a-d31ccc64d802  |t 0 
952 f f |p ric  |a Texas A&M University  |b Rellis Campus  |c Joint Library Facility  |d Remote Storage  |t 0  |e QD251 .S85 1949  |h Library of Congress classification  |i unmediated -- volume  |m A14800943530 
998 f f |a QD251 .S85 1949  |t 0  |l Remote Storage